000 00859nam a2200253Ia 4500
003 OSt
005 20220923223956.0
006 a|||||r|||| 00| 0
007 ta
008 220922b |||||||| |||| 00| 0 hin d
024 _a223,740
037 _cTextual
040 _aARTS
_cARTS
_bhin
041 _2hin
_ahin
082 _aO152v, P4
100 _aभारद्वाज, भारत
245 0 _aपरिक्रमा
_b हिन्दी साहित्य (1991- 2 2)
246 _aParikramā: hindī sāhitya (1991- 2002)
260 _aनयी दिल्ली
_b प्रकाशन संस्थान
_c2004
300 _a200पृ.
_ccm.
650 _aहिन्दी साहित्य
_9156264
942 _hO152v, P4
_cTEXL
_2CC
999 _c368501
_d368501